| 000 | 00692nam a2200229 i 4500 | ||
|---|---|---|---|
| 001 | 124305 | ||
| 003 | ES-MaACL | ||
| 005 | 20250716062623.0 | ||
| 007 | t| | ||
| 008 | 070528s1997 fr ||||1| fre d | ||
| 020 | _a2-87714-131-4 | ||
| 080 | _a821.133.1-31"18" | ||
| 100 | 1 |
_aHugo, Victor, _d1802-1885 _964627 |
|
| 245 | 1 | 0 |
_aQuatrevingt-treize / _cVictor Hugo. |
| 260 |
_a[Francia] : _bBookking International, _cDL 1993. |
||
| 300 |
_a382 p. ; _c18 cm. |
||
| 490 | 1 | _aMaxi-Poche. Classiques Français | |
| 500 | _aBiblioteca Jacinto Martínez Lacalle. | ||
| 830 | 0 |
_aMaxi-Poche. Classiques Français _9219003 |
|
| 852 |
_aES-MaACL _jE-11648 _bR.139680 |
||
| 999 |
_c124305 _d124305 |
||